000 nam a22 7a 4500
999 _c27902
_d27902
008 170211b xxu||||| |||| 00| 0 eng d
020 _a9781424084289
050 _aQA 152.2 .S96 2009
100 _aSwokowski, Earl W.
_d2009
245 _aAlgebra and Trigonometry with analytic geometry/
_cEarl W. Swokowski, Jeffery A. Cole.
250 _a12th ed.
260 _aAustralia:
_bCengage Learning,
_c2009.
300 _a832, [94]p.:
_bill.;
_c25cm.
521 _aincludes index.
650 _aAlgebra.
650 _aTrigonometry.
700 _aCole, Jeffery A.
942 _2lcc
_cBOOKS
_hQA 152.2 .S96 2009